000 00314nam a22001337a 4500
008 170512b xxu||||| |||| 00| 0 eng d
020 _a9780205510870
041 _aeng
080 _23RD
_a94
100 _a16
101 _aSHH
245 _aAN INTRODUCTION TO NATIVE NORTH AMERICA
_cSUTTON, M.Q
942 _2udc
_cBK
999 _c13308
_d13308